LEADER 04227nam 22007212 450 001 9910792074503321 005 20151005020622.0 010 $a1-107-30099-1 010 $a1-107-23284-8 010 $a1-316-62935-X 010 $a1-107-30827-5 010 $a1-107-31382-1 010 $a1-139-01386-6 010 $a1-107-30607-8 010 $a1-107-30535-7 010 $a1-299-25710-0 035 $a(CKB)2560000000098581 035 $a(EBL)1113022 035 $a(OCoLC)828423683 035 $a(SSID)ssj0000833658 035 $a(PQKBManifestationID)11442666 035 $a(PQKBTitleCode)TC0000833658 035 $a(PQKBWorkID)10936205 035 $a(PQKB)10663074 035 $a(UkCbUP)CR9781139013864 035 $a(MiAaPQ)EBC1113022 035 $a(Au-PeEL)EBL1113022 035 $a(CaPaEBR)ebr10659322 035 $a(CaONFJC)MIL456960 035 $a(EXLCZ)992560000000098581 100 $a20110210d2013|||| uy| 0 101 0 $aeng 135 $aur||||||||||| 181 $ctxt$2rdacontent 182 $cc$2rdamedia 183 $acr$2rdacarrier 200 10$aMilitary saints in Byzantium and Rus, 900-1200 /$fMonica White$b[electronic resource] 210 1$aCambridge :$cCambridge University Press,$d2013. 215 $a1 online resource (xv, 255 pages) $cdigital, PDF file(s) 300 $aTitle from publisher's bibliographic system (viewed on 05 Oct 2015). 311 $a0-521-19564-0 311 $a1-107-31162-4 320 $aIncludes bibliographical references and index. 327 $tList of illustrations --$tAcknowledgements --$tA note on translations, transliterations and names --$tList of abbreviations --$tGeneral map of Rus in the late pre-Mongul period --$tIntroduction --$g1.$tThe pre-history of the military saints --$g2.$tThe formation of the martyr-warrior ideal --$g3.$tThe collective cult of the military saints --$g4.$tThe military saints in early Rus --$g5.$tBoris and Gleb and the martyr-warrior ideal in Rus --$g6.$tMilitary saints under the House of Suzdal --$tConclusion --$tAppendix 1. Feast days of the principal military saints --$tAppendix 2. Reigns of Roman and Byzantine emperors mentioned in the text --$tAppendix 3. Simplified genealogy of the Riurikids --$tAppendix 4. Rus churches and monasteries dedicated to patronal figures --$tAppendix 5. Rus churches and monasteries dedicated to non-patronal figures --$tBibliography --$tIndex. 330 $aThe rulers of the Byzantine Empire and its commonwealth were protected both by their own soldiers and by a heavenly army: the military saints. The transformation of Saints George, Demetrios, Theodore and others into the patrons of imperial armies was one of the defining developments of religious life under the Macedonian emperors. This book provides a comprehensive study of military sainthood and its roots in late antiquity. The emergence of the cults is situated within a broader social context, in which mortal soldiers were equated with martyrs and martyrs of the early Church recruited to protect them on the battlefield. Dr White then traces the fate of these saints in early Rus, drawing on unpublished manuscripts and other under-utilised sources to discuss their veneration within the princely clan and their influence on the first native saints of Rus, Boris and Gleb, who eventually joined the ranks of their ancient counterparts. 517 3 $aMilitary Saints in Byzantium & Rus, 900-1200 606 $aChristian patron saints$xCult$zByzantine Empire 606 $aChristian martyrs$xCult$zByzantine Empire 606 $aWar$xReligious aspects$xChristianity$xHistory of doctrines$yMiddle Ages, 600-1500 607 $aByzantine Empire$xHistory, Military$y1081-1453 607 $aByzantine Empire$xChurch history 615 0$aChristian patron saints$xCult 615 0$aChristian martyrs$xCult 615 0$aWar$xReligious aspects$xChristianity$xHistory of doctrines 676 $a274.7/03 686 $aHIS010010$2bisacsh 700 $aWhite$b Monica$f1976-$01530592 801 0$bUkCbUP 801 1$bUkCbUP 906 $aBOOK 912 $a9910792074503321 996 $aMilitary saints in Byzantium and Rus, 900-1200$93775749 997 $aUNINA LEADER 01834nam 2200421z- 450 001 9910694124803321 005 20070201083710.0 035 $a(CKB)5860000000023786 035 $a(BIP)013970820 035 $a(EXLCZ)995860000000023786 100 $a20220406c2006uuuu -u- - 101 0 $aeng 200 10$aFourth in a series on health care information technology $ehearing before the Subcommittee on Health of the Committee on Ways and Means, U.S. House of Representatives, One Hundred Ninth Congress, second session, April 6, 2006 215 $a1 online resource (iii, 103 p.) 311 $a0-16-077782-8 517 $aFourth in a series on health care information technology 606 $aMedical informatics$zUnited States 606 $aMedical care$zUnited States$xData processing 606 $aHealth services administration$xInformation technology$zUnited States 606 $aInformation storage and retrieval systems$xMedical care$zUnited States 606 $aPublic-private sector cooperation$zUnited States 610 $aMedical informatics 610 $aMedical care 610 $aHealth services administration 610 $aInformation storage and retrieval systems 610 $aPublic-private sector cooperation 610 $aMedical 610 $aBusiness & economics 615 0$aMedical informatics 615 0$aMedical care$xData processing. 615 0$aHealth services administration$xInformation technology 615 0$aInformation storage and retrieval systems$xMedical care 615 0$aPublic-private sector cooperation 712 02$aUnited States, Congress House Committee on Ways and Means Subcommittee on Health Staff,$4oth 906 $aBOOK 912 $a9910694124803321 996 $aFourth in a series on health care information technology$93131348 997 $aUNINA